| 000 | 00692nam a22001457a 4500 | ||
|---|---|---|---|
| 999 |
_c530614 _d530614 |
||
| 008 | 250625b ||||| |||| 00| 0 eng d | ||
| 100 |
_aChand, Subhash _954787 |
||
| 245 | _aSafe food for a healthy India | ||
| 260 | _aYojana | ||
| 300 | _a69(6), Jun, 2025: p.32-35 | ||
| 520 | _aFood safety is no longer optional- it is essential for protecting public health, ensuring farmer livelihoods, and maintaining India's reputation in global markets. With coordination policy reform, technology adoption, and public education, India can build a resilient and trustworthy food system. - Reproduced | ||
| 650 |
_afood safety, health, FSSAI, global market _954788 |
||
| 773 | _0Yojana | ||
| 942 | _cAR | ||